| 000 | 00737nam a2200217 a 4500 | ||
|---|---|---|---|
| 005 | 20251018063859.0 | ||
| 008 | 020610s1998 cl r 000 0 spa d | ||
| 020 | _a9586650219 | ||
| 035 | _aUPN01000117812 | ||
| 049 | _aCG | ||
| 050 | 4 |
_aJA79 _bC6.6 |
|
| 245 | 0 | 0 |
_aConvergencia entre ética y política / _ccomp. Guillermo Hoyos. |
| 260 |
_aSanta Fé de Bogotá : _bSiglo del Hombre : _bConvergencia, Investigación Acción Participativa, _c1998. |
||
| 300 | _a225 p. | ||
| 440 | 0 |
_aBiblioteca universitaria. _pCiencias sociales y humanidades. _pFilosofía política. |
|
| 650 | 4 |
_aÉtica política _97545 |
|
| 650 | 4 |
_aMulticulturalismo _95798 |
|
| 651 | 2 |
_aColombia _910067 |
|
| 700 | 1 |
_aHoyos, Guillermo, _ecomp. |
|
| 905 | _aLibro | ||
| 999 |
_c90247 _d90247 |
||